Mittelmeerländer - Statistiken

Allgemein
  • Dieses Quiz wurde 23.154 mal gespielt
  • Das Durchschnittsergebnis liegt bei 19 aus 21
Antwortstatistiken
Land % Korrekt
Italien
99%
Spanien
98%
Griechenland
97%
Kroatien
96%
Ägypten
95%
Türkei
94%
Marokko
93%
Albanien
92%
Frankreich
92%
Algerien
90%
Tunesien
90%
Israel
87%
Zypern
87%
Bosnien und Herzegowina
85%
Libyen
85%
Malta
85%
Monaco
82%
Montenegro
80%
Slowenien
80%
Libanon
74%
Syrien
74%
Keine übereinstimmenden Quizze gefunden
Verteilung der Resultate
Anzahl Personen mit jedem Resultat
Perzentil nach korrekt beantworteten Fragen
Ihre Resultats-Entwicklung
Sie haben dieses Quiz noch nicht gespielt